=LDR 00000nam 2200000 4500 =001 INLIS000000000049843 =005 20170404135146.0 =006 =007 =008 =020 ##$$a 979 - 1457 - 15 - 6 =035 ##$$0010-041700000000033 =040 ##$$a NBPDMAT =082 ##$$a 352.940 959 865 =090 ##$$a 352.940 959 865 Kam s =100 ##$$a Kamdi, Lalu =245 ##$$a Selayang pandang Kota Mataram / $c Lalu Kamdi; Hasyim Asyari =260 ##$$a Mataram : $b Caraka Darma Aksara, $c 2009 =300 ##$$a iv, 60 hlm. : $b ilus.; $c 21 cm. =500 ##$$a Bibliografi : hlm. 60 =650 ##$$a Prmbangunan Mataram =700 ##$$a Hasyim Asyari